All-Time MLB Home Run Leaders by Franchise - Statistics

General Stats
  • This quiz has been taken 468 times
  • The average score is 21 of 31
Answer Stats
Hint HR Player % Correct
Atlanta/Milwaukee/Boston Braves 733 Hank Aaron
95%
New York Yankees 659 Babe Ruth
93%
Boston Red Sox 521 Ted Williams
86%
Seattle Mariners 417 Ken Griffey, Jr.
85%
Baltimore Orioles 431 Cal Ripken, Jr.
84%
Chicago Cubs 545 Sammy Sosa
83%
San Francsico/New York Giants 646 Willie Mays
83%
Chicago White Sox 448 Frank Thomas
81%
Kansas City Royals 317 George Brett
79%
Arizona Diamondbacks 224 Luis Gonzalez
79%
Philadelphia Phillies 548 Mike Schmidt
79%
Houston Astros 449 Jeff Bagwell
78%
Texas Rangers 372 Juan Gonzalez
78%
Colorado Rockies 369 Todd Helton
76%
Cincinnati Reds 389 Johnny Bench
75%
Cleveland Indians 337 Jim Thome
73%
St. Louis Cardinals 475 Stan Musial
73%
Florida Marlins (tied) 154 Giancarlo Stanton
69%
Pittsburgh Pirates 475 Willie Stargell
69%
Minnesota Twins/Washington Senators 559 Harmon Killebrew
67%
Tampa Bay Rays 184 Evan Longoria
66%
Milwaukee Brewers/Seattle Pilots 251 Robin Yount
64%
Oakland/Philadelphia/Kansas City A's 363 Mark McGwire
62%
Detroit Tigers 399 Al Kaline
58%
New York Mets 252 Darryl Strawberry
58%
Washington Nationals/Montreal Expos 234 Vladimir Guerrero
56%
Los Angeles/Brooklyn Dodgers 389 Duke Snider
52%
Toronto Blue Jays 336 Carlos Delgado
48%
Los Angeles/Anaheim/California Angels 299 Tim Salmon
45%
San Diego Padres 163 Nate Colbert
18%
Florida Marlins (tied) 154 Dan Uggla
13%
No matching quizzes found
Score Distribution
Percent of People with Each Score
Percentile by Number Answered
Your Score History
You have not taken this quiz